| 000 -LEADER |
| fixed length control field |
00736nam a22001337a 4500 |
| 040 ## - CATALOGING SOURCE |
| Transcribing agency |
RUA |
| 082 ## - DEWEY DECIMAL CLASSIFICATION NUMBER |
| Classification number |
RUB LAN 2018 B662 Or.1 |
| 100 ## - MAIN ENTRY--AUTHOR NAME |
| Personal name |
LANN SOKHET ឡាន់ សុខខេត |
| 245 ## - TITLE STATEMENT |
| Title |
growth and yield comp arison of 08 rubber clones in trial ir.aa.07 at camodian rubber research intitute ប្រៀបធៀបការលូតលាស់ និងទិន្នផលនៃក្លូនកៅស៊ូចំនួន ០៨ ក្នងឡូត៍ពិសោធន៍ក្លូន ir.aa.07នៅវទ្យាស្ថានស្រាវជ្រាវកៅស៊ូតកម្ពុជា |
| 260 ## - PUBLICATION, DISTRIBUTION, ETC. (IMPRINT) |
| Place of publication |
rua |
| Name of publisher |
phnom penh |
| 300 ## - PHYSICAL DESCRIPTION |
| Number of Pages |
xiii,72 |
| Other physical details |
ill, |
| Dimensions |
29cm |
| 856 ## - ELECTRONIC LOCATION AND ACCESS |
| Uniform Resource Identifier |
LANN SOKHET |
| 942 ## - ADDED ENTRY ELEMENTS (KOHA) |
| Koha item type |
RUB |
| 952 ## - LOCATION AND ITEM INFORMATION (KOHA) |
| Withdrawn status [LOCAL, KOHA] |
0 |
| 952 ## - LOCATION AND ITEM INFORMATION (KOHA) |
| Withdrawn status [LOCAL, KOHA] |
0 |
| 952 ## - LOCATION AND ITEM INFORMATION (KOHA) |
| Withdrawn status [LOCAL, KOHA] |
0 |
| 952 ## - LOCATION AND ITEM INFORMATION (KOHA) |
| Withdrawn status [LOCAL, KOHA] |
0 |
| 952 ## - LOCATION AND ITEM INFORMATION (KOHA) |
| Withdrawn status [LOCAL, KOHA] |
0 |
| 952 ## - LOCATION AND ITEM INFORMATION (KOHA) |
| Withdrawn status [LOCAL, KOHA] |
0 |